Communication in the language classroom

Wedi'i Gadw mewn:
Manylion Llyfryddiaeth
Prif Awdur: Lynch, Tony
Fformat: Llyfr
Iaith:Undetermined
Cyhoeddwyd: Oxford Oxford University Press 1996
Pynciau:
Tagiau: Ychwanegu Tag
Dim Tagiau, Byddwch y cyntaf i dagio'r cofnod hwn!
Thư viện lưu trữ: Trung tâm Học liệu Trường Đại học Cần Thơ
LEADER 00577nam a2200205Ia 4500
001 CTU_88431
008 210402s9999 xx 000 0 und d
020 |c 176000 
082 |a 418.007 
082 |b L987 
100 |a Lynch, Tony 
245 0 |a Communication in the language classroom 
245 0 |c Tony Lynch 
260 |a Oxford 
260 |b Oxford University Press 
260 |c 1996 
650 |a Language and languages,Second language acquisition 
650 |x Study and teaching 
904 |i Giang,Hải 
980 |a Trung tâm Học liệu Trường Đại học Cần Thơ